000 01002nam a2200193Ii 4500
003 JO-AjNU
008 230605s9999||||xx |||||||||||||| ||und||
040 _aJO-AjNU
_bara
_erda
_cJO-AjNU
041 _aara
050 1 4 _aDS631.K5712 1990
100 3 _aتاليف كيرك، جورج؛ ترجمة وتعليق التكريتي، سليم طه ، ترجمة وتعليق التكريتي، برهان عبد,
_eauthor
_938611
245 0 0 _aالشرق الاوسط في اعقاب الحرب العالمية الثانية: العراق، مصر، فلسطين، سوريا، السعودية، تركيا وايران، الجزء الأول
264 3 1 _aد.م: دار واسط ، 1990
300 _aج1، 224ص
336 _atext
_btxt
_2rdacontent
337 _aunmediated
_bn
_2rdamedia
338 _avolume
_bnc
_2rdacarrier
650 4 _aالحرب العالمية الثانية- 1939-1945- الشرق الاوسط- البلاد العربية- تاريخ- القرن العشرون
_938612
999 _aA16236
_c19804
_d19804